NFL Team Leaders - Statistics

General Stats
  • This quiz has been taken 40 times
  • The average score is 73 of 190
Answer Stats
Stat Player % Correct
Sacks Bruce Smith
88%
Rushing Yards Emmitt Smith
88%
Receiving Yards Jimmy Smith
88%
Receiving Yards Julio Jones
88%
Receiving Yards Rod Smith
88%
Receiving Yards Steve Smith
88%
Passing Yards Tom Brady
88%
Rushing Yards Adrian Peterson
85%
Passing Yards Joe Flacco
85%
Receiving Yards Larry Fitzgerald
85%
Receiving Yards Andre Johnson
82%
Receiving Yards Calvin Johnson
82%
Receiving Yards Chad Johnson
82%
Passing Yards Dan Marino
82%
Tackles Derrick Johnson
82%
Rushing Yards Jim Brown
82%
Passing Yards Matthew Stafford
82%
Passing Yards Matt Ryan
82%
Receiving Yards Tim Brown
82%
Passing Yards Cam Newton
79%
Passing Yards Drew Brees
79%
Passing Yards Eli Manning
79%
Passing Yards Jim Kelly
79%
Passing Yards Peyton Manning
79%
Passing Yards Philip Rivers
79%
Rushing Yards Jamal Lewis
76%
Receiving Yards Jerry Rice
76%
Rushing Yards LaDainian Tomlinson
76%
Rushing Yards Marcus Allen
76%
Tackles Ray Lewis
76%
Sacks Rickey Jackson
76%
Rushing Yards Steven Jackson
76%
Passing Yards Brett Favre
73%
Receiving Yards Cris Carter
73%
Passing Yards Derek Carr
73%
Rushing Yards Franco Harris
73%
Sacks James Harrison
73%
Receiving Yards Marvin Harrison
73%
Sacks Reggie White
73%
Rushing Yards Ahman Green
70%
Rushing Yards Barry Sanders
70%
Sacks Derrick Thomas
70%
Passing Yards Fran Tarkenton
70%
Rushing Yards Thurman Thomas
70%
Tackles Zach Thomas
70%
Receiving Yards Andre Reed
67%
Receiving Yards Antonio Gates
67%
Passing Yards Ben Roethlisberger
67%
Rushing Yards Fred Taylor
67%
Sacks Jason Taylor
67%
Sacks J.J. Watt
67%
Passing Yards Joe Montana
67%
Passing Yards John Elway
67%
Passing Yards Russell Wilson
67%
Passing Yards Tony Romo
67%
Rushing Yards Walter Payton
67%
Passing Yards Warren Moon
67%
Passing Yards Donovan McNabb
64%
Passing Yards Matt Schaub
64%
Receiving Yards Isaac Bruce
61%
Passing Yards Ken Anderson
61%
Receiving Yards Mike Evans
61%
Rushing Yards Ottis Anderson
61%
Rushing Yards Terrell Davis
61%
Tackles Thomas Davis
61%
Rushing Yards Edgerrin James
58%
Receiving Yards Hines Ward
58%
Passing Yards Joe Theismann
58%
Receiving Yards Steve Largent
58%
Receiving Yards Travis Kelce
58%
Rushing Yards Arian Foster
55%
Rushing Yards Curtis Martin
55%
Rushing Yards Frank Gore
55%
Passing Yards Jameis Winston
55%
Passing Yards Jay Cutler
55%
Rushing Yards LeSean McCoy
55%
Receiving Yards Marques Colston
55%
Rushing Yards Shaun Alexander
55%
Sacks Julius Peppers
52%
Passing Yards Len Dawson
52%
Passing Yards Mark Brunell
52%
Sacks Terrell Suggs
52%
Rushing Yards Tiki Barber
52%
Receiving Yards Donald Driver
48%
Rushing Yards Eddie George
48%
Rushing Yards Jamaal Charles
48%
Receiving Yards Jason Witten
48%
Rushing Yards Larry Csonka
48%
Sacks Von Miller
48%
Passing Yards Jim Hart
45%
Rushing Yards Mark Ingram
45%
Receiving Yards Art Monk
42%
Passing Yards Brian Sipe
42%
Rushing Yards Corey Dillon
42%
Rushing Yards John Riggins
42%
Rushing Yards Jonathan Stewart
42%
Receiving Yards Mark Duper
42%
Receiving Yards Derrick Mason
39%
Receiving Yards Harold Carmichael
39%
Sacks Richard Dent
39%
Receiving Yards Amani Toomer
36%
Tackles Brian Urlacher
36%
Sacks DeMarcus Ware
36%
Receiving Yards Johnny Morris
36%
Receiving Yards Ozzie Newsome
36%
Receiving Yards Stanley Morgan
36%
Tackles Bobby Wagner
33%
Rushing Yards Gerald Riggs
33%
Passing Yards Jim Everett
33%
Sacks Michael Strahan
33%
Sacks Warren Sapp
33%
Sacks John Randle
30%
Receiving Yards Don Maynard
27%
Rushing Yards Sam Cunningham
27%
Rushing Yards James Wilder
24%
Sacks John Abraham
21%
Sacks Robert Mathis
21%
Tackles DeMeco Ryans
15%
Tackles Lavonte David
15%
Tackles Patrick Willis
15%
Sacks Leslie O'Neal
9%
Tackles Sean Lee
9%
Sacks Andre Tippett
6%
Tackles London Fletcher
6%
Sacks Robert Porcher
6%
Tackles Brian Dawkins
3%
Sacks Carlos Dunlap
3%
Sacks Dexter Manley
3%
Tackles James Farrior
3%
Los Angeles Rams Los Angeles Rams
3%
Sacks Mark Gastineau
3%
Tennessee Titans Tennessee Titans
3%
Sacks Tony Brackens
3%
Tackles Adrian Wilson
0%
Tackles A.J. Hawk
0%
Tackles Antoine Bethea
0%
Tackles Antrel Rolle
0%
Atlanta Falcons Atlanta Falcons
0%
Baltimore Ravens Baltimore Ravens
0%
Sacks Bryant Young
0%
Buffalo Bills Buffalo Bills
0%
Carolina Panthers Carolina Panthers
0%
Chicago Bears Chicago Bears
0%
Cincinnati Bengals Cincinnati Bengals
0%
Sacks Clay Matthews III
0%
Sacks Clay Matthews Jr.
0%
Cleveland Browns Cleveland Browns
0%
Dallas Cowboys Dallas Cowboys
0%
Tackles David Harris
0%
Tackles DeAndre Levy
0%
Denver Broncos Denver Broncos
0%
Detroit Lions Detroit Lions
0%
Tackles Devin McCourty
0%
Tackles D.J. Williams
0%
Tackles D'Qwell Jackson
0%
Tackles Eric Weddle
0%
Receiving Yards Ernest Givens
0%
Sacks Freddie Joe Nunn
0%
Green Bay Packers Green Bay Packers
0%
Sacks Greg Townsend
0%
Tackles Harrison Smith
0%
Houston Texans Houston Texans
0%
Indianapolis Colts Indianapolis Colts
0%
Jacksonville Jaguars Jacksonville Jaguars
0%
Sacks Jacob Green
0%
Tackles James Laurinaitis
0%
Kansas City Chiefs Kansas City Chiefs
0%
Tackles Keith Brooking
0%
Tackles Keith Bulluck
0%
Tackles Kirk Morrison
0%
Sacks Leonard Little
0%
Los Angeles Chargers Los Angeles Chargers
0%
Miami Dolphins Miami Dolphins
0%
Minnesota Vikings Minnesota Vikings
0%
New England Patriots New England Patriots
0%
New Orleans Saints New Orleans Saints
0%
New York Giants New York Giants
0%
New York Jets New York Jets
0%
Tackles Paul Posluszny
0%
Philadelphia Eagles Philadelphia Eagles
0%
Pittsburgh Steelers Pittsburgh Steelers
0%
Sacks Ray Childress
0%
Tackles Roman Harper
0%
San Francisco 49ers San Francisco 49ers
0%
Seattle Seahawks Seattle Seahawks
0%
Tampa Bay Buccaneers Tampa Bay Buccaneers
0%
Tackles Vontaze Burfict
0%
Washington Commanders Washington Commanders
0%
No matching quizzes found
Score Distribution
Percent of People with Each Score
Percentile by Number Answered
Your Score History
You have not taken this quiz